[Event "Warsaw City-ch"]
[Site "Warsaw"]
[Date "2008.10.03"]
[Round "7"]
[White "Sznapik, Krzysztof"]
[Black "Kaliszewski, Tomasz"]
[Result "1/2-1/2"]
[WhiteElo "2240"]
[BlackElo "2098"]
[PlyCount "112"]
[EventDate "2008.09.27"]
[EventType "swiss"]
[EventRounds "9"]
[EventCountry "POL"]
[SourceTitle "EXT 2010"]
[Source "ChessBase"]
[SourceDate "2010.11.25"]
[SourceVersion "1"]
[SourceVersionDate "2010.11.25"]
[SourceQuality "1"]

1. d4 Nf6 2. Nf3 b5 3. Bf4 Bb7 4. e3 a6 5. c4 b4 6. Bd3 e6 7. 0-0 c5 8. Nbd2 d5 9. Bg5 cxd4 10. exd4 dxc4 11. Be4 Bxe4 12. Nxe4 Nbd7 13. Qa4 Be7 14. Nxf6+ gxf6 15. Bh6 Qb6 16. Qc2 Nf8 17. Qxc4 Rd8 18. Rac1 Ng6 19. Qc6+ Qxc6 20. Rxc6 a5 21. Rfc1 Ra8 22. h4 Bd8 23. R6c5 Rg8 24. d5 Ne7 25. dxe6 fxe6 26. Rb5 Ra7 27. Nd4 Kf7 28. Nc6 Nxc6 29. Rxc6 Rd7 30. Be3 Rg4 31. Rh5 Rg7 32. Kf1 e5 33. Ke2 Rc7 34. Rd6 Be7 35. Rd2 Ke6 36. g4 Rxg4 37. Rxh7 Rc1 38. h5 Rh1 39. Rc2 e4 40. Rc6+ Bd6 41. h6 Rgg1 42. Bd2 Kd5 43. Ra6 Be5 44. Rxa5+ Ke6 45. Rb7 Bxb2 46. Rxb4 Be5 47. Rxe4 Kf5 48. Rc4 Kg6 49. Rc6 Kf5 50. Ra7 Rg2 51. Rg7 Rgh2 52. a4 Bd4 53. Rc1 Rxf2+ 54. Kd3 Rh3+ 55. Kxd4 Rxd2+ 56. Kc5 Rxh6 1/2-1/2

[Event "Warsaw City-ch"]
[Site "Warsaw"]
[Date "2008.09.30"]
[Round "4"]
[White "Kwiatkowski, Andrzej"]
[Black "Sznapik, Krzysztof"]
[Result "1-0"]
[WhiteElo "1899"]
[BlackElo "2240"]
[PlyCount "51"]
[EventDate "2008.09.27"]
[EventType "swiss"]
[EventRounds "9"]
[EventCountry "POL"]
[SourceTitle "EXT 2010"]
[Source "ChessBase"]
[SourceDate "2010.11.25"]
[SourceVersion "1"]
[SourceVersionDate "2010.11.25"]
[SourceQuality "1"]

1. e4 g6 2. d4 Bg7 3. Nc3 d6 4. f4 a6 5. Nf3 b5 6. Bd3 Bb7 7. 0-0 Nd7 8. Qe2 c5 9. dxc5 Nxc5 10. f5 Nxd3 11. Qxd3 Nf6 12. a3 0-0 13. h3 Rc8 14. Be3 Rxc3 15. Qxc3 Nxe4 16. Qb4 Ng3 17. fxg6 Nxf1 18. gxh7+ Kh8 19. Rxf1 Bd5 20. Nd4 Qc8 21. Nf5 Qxc2 22. Qg4 Qxb2 23. Nxe7 Bc4 24. Ng6+ Kxh7 25. Qh5+ Kg8 26. Ne7# 1-0

[Event "Avoine op 11th"]
[Site "Avoine"]
[Date "1996.??.??"]
[Round "?"]
[White "Sznapik, Krzysztof"]
[Black "Apicella, Manuel"]
[Result "0-1"]
[WhiteElo "2205"]
[BlackElo "2540"]
[PlyCount "78"]
[EventDate "1996.07.??"]
[EventType "swiss"]
[EventRounds "9"]
[EventCountry "FRA"]
[SourceTitle "EXT 2004"]
[Source "ChessBase"]
[SourceDate "2003.11.25"]
[SourceVersion "1"]
[SourceVersionDate "2003.11.25"]
[SourceQuality "1"]

1. d4 Nf6 2. Nf3 g6 3. Nc3 d5 4. Bf4 Bg7 5. e3 0-0 6. Be2 c5 7. 0-0 cxd4 8. exd4 Nc6 9. Ne5 Qb6 10. Nxc6 Qxc6 11. Bf3 Ne4 12. Bxe4 dxe4 13. Re1 f5 14. d5 Qb6 15. d6 exd6 16. Bxd6 Re8 17. Na4 Qc6 18. c4 Qxc4 19. Rc1 Qd4 20. Qxd4 Bxd4 21. Red1 Bf6 22. Nc5 b6 23. Nb3 Be6 24. Nd4 Bxa2 25. Rc7 Rac8 26. Nc6 Rxc7 27. Bxc7 Bb3 28. Rd6 Bxb2 29. Nxa7 f4 30. Rd2 Bc3 31. Re2 Bd1 32. Ra2 e3 33. fxe3 fxe3 34. Nb5 Bb4 35. Nd4 e2 36. Nxe2 Rxe2 37. Ra8+ Kf7 38. Bxb6 Bc2 39. Bd4 Rxg2+ 0-1

[Event "Val Thorens op"]
[Site "Val Thorens"]
[Date "1994.??.??"]
[Round "5"]
[White "Lupu, Mircea Sergiu"]
[Black "Sznapik, Krzysztof"]
[Result "1-0"]
[WhiteElo "2420"]
[BlackElo "2205"]
[PlyCount "72"]
[EventDate "1994.??.??"]
[EventType "swiss"]
[EventRounds "9"]
[EventCountry "FRA"]
[SourceTitle "EXT 1999"]
[Source "ChessBase"]
[SourceDate "1998.11.16"]
[SourceVersion "1"]
[SourceVersionDate "1998.11.16"]
[SourceQuality "1"]

1. e4 g6 2. d4 Bg7 3. Nc3 d6 4. Be3 a6 5. Qd2 b5 6. 0-0-0 Bb7 7. f3 Nd7 8. g4 c6 9. h4 Qa5 10. h5 0-0-0 11. Nh3 e5 12. d5 c5 13. Ng5 Rf8 14. a3 h6 15. Nh3 g5 16. Ne2 Qxd2+ 17. Bxd2 Bf6 18. Ng3 Bd8 19. Nf5 Bc7 20. c4 bxc4 21. Bxc4 Nb6 22. Be2 Kd7 23. b4 cxb4 24. axb4 Ne7 25. Kb2 Nxf5 26. gxf5 Rb8 27. Ra1 Nc8 28. Bxa6 Bxa6 29. Rxa6 Bb6 30. Be1 Na7 31. Nf2 Bxf2 32. Bxf2 Nb5 33. Be3 Rhc8 34. Rh2 Rg8 35. Kb1 g4 36. fxg4 Rxg4 1-0

[Event "Val Thorens op"]
[Site "Val Thorens"]
[Date "1994.??.??"]
[Round "8"]
[White "Minet, Steve"]
[Black "Sznapik, Krzysztof"]
[Result "1/2-1/2"]
[WhiteElo "1730"]
[BlackElo "2205"]
[PlyCount "87"]
[EventDate "1994.??.??"]
[EventType "swiss"]
[EventRounds "9"]
[EventCountry "FRA"]
[SourceTitle "EXT 1999"]
[Source "ChessBase"]
[SourceDate "1998.11.16"]
[SourceVersion "1"]
[SourceVersionDate "1998.11.16"]
[SourceQuality "1"]

1. e4 g6 2. d4 Bg7 3. c3 d6 4. Bc4 Nf6 5. Qe2 e5 6. dxe5 dxe5 7. Nf3 Nc6 8. 0-0 0-0 9. Rd1 Qe7 10. Na3 h6 11. Bb5 Nh5 12. Bxc6 bxc6 13. Nc2 a5 14. b3 Nf4 15. Qc4 Qf6 16. Bxf4 Qxf4 17. Qxc6 Ra6 18. Qxc7 Bg4 19. Nce1 Qxe4 20. Rd6 Raa8 21. Rad1 a4 22. h3 Be6 23. c4 Bf6 24. R6d2 g5 25. Nh2 h5 26. Qc5 g4 27. hxg4 hxg4 28. Nf1 Rfc8 29. Qb4 axb3 30. axb3 Kg7 31. Ng3 Qg6 32. Nc2 Rh8 33. Qc3 e4 34. Nd4 Kg8 35. Qc2 Bg5 36. Re2 f5 37. Nxe6 Qxe6 38. Nf1 Rd8 39. Ne3 Rxd1+ 40. Qxd1 Bf6 41. Nc2 Bc3 42. g3 Kf7 43. Re3 Bf6 44. Re2 1/2-1/2

[Event "Aix les Bains op"]
[Site "Aix les Bains"]
[Date "1991.??.??"]
[Round "5"]
[White "Sznapik, Krzysztof"]
[Black "Lukasiewicz, Grzegorz"]
[Result "0-1"]
[WhiteElo "2230"]
[BlackElo "2315"]
[PlyCount "110"]
[EventDate "1991.??.??"]
[EventType "swiss"]
[EventRounds "6"]
[EventCountry "FRA"]
[SourceTitle "TD"]
[Source "ChessBase"]
[SourceDate "1994.03.01"]
[SourceVersion "1"]
[SourceVersionDate "1994.03.01"]
[SourceQuality "1"]

1. d4 Nf6 2. Nf3 g6 3. e3 Bg7 4. Be2 0-0 5. 0-0 d5 6. b3 c5 7. Bb2 Ne4 8. c3 b6 9. Nbd2 Nd6 10. Ne5 Bb7 11. f4 Nd7 12. Qe1 Nf6 13. Qh4 Nfe4 14. Nxe4 Nxe4 15. g4 e6 16. g5 h6 17. Nf3 Qe7 18. Bd3 Nd6 19. Rf2 h5 20. Ne5 Nf5 21. Bxf5 exf5 22. Qg3 Rfc8 23. a4 a5 24. Ba3 Qe6 25. Qf3 Rc7 26. Rc1 Rac8 27. Rfc2 Bf8 28. Rd2 cxd4 29. Bxf8 dxc3 30. Rd4 Rxf8 31. Qd1 Qe7 32. b4 Re8 33. Qb3 c2 34. bxa5 bxa5 35. Rd3 Qc5 36. Kf2 Ba8 37. Nf3 d4 38. Nxd4 Qe7 39. Rxc2 Rxc2+ 40. Nxc2 Qe4 41. Ne1 Qh1 42. Ke2 Qxh2+ 43. Kd1 Qf2 44. Rd7 Bf3+ 45. Nxf3 Qxf3+ 46. Kd2 Qg2+ 47. Kd3 Qe4+ 48. Kd2 Rf8 49. Rd6 Kh7 50. Rd7 Kg8 51. Rd6 Kg7 52. Qc3+ Kh7 53. Qb3 h4 54. Rd7 Kg8 55. Qd5 h3 0-1

[Event "Warsaw Cup"]
[Site "Warsaw"]
[Date "1987.??.??"]
[Round "2"]
[White "Kostyra, Stanislaw"]
[Black "Sznapik, Krzysztof"]
[Result "1-0"]
[WhiteElo "2365"]
[BlackElo "2255"]
[PlyCount "79"]
[EventDate "1987.04.??"]
[EventType "swiss"]
[EventRounds "11"]
[EventCountry "POL"]
[SourceTitle "EXT 2001"]
[Source "ChessBase"]
[SourceDate "2000.11.22"]
[SourceVersion "1"]
[SourceVersionDate "2000.11.22"]
[SourceQuality "1"]

1. e4 g6 2. d4 Bg7 3. Nc3 d5 4. exd5 Nf6 5. Bc4 Nbd7 6. Bb3 Nb6 7. Nf3 0-0 8. 0-0 Nbxd5 9. Nxd5 Nxd5 10. Re1 c6 11. h3 h6 12. Ne5 Qd6 13. c4 Nc7 14. Be3 Qf6 15. Qd2 Kh7 16. Qb4 Na6 17. Qa3 c5 18. Rad1 Bf5 19. Bc1 cxd4 20. Rxd4 Qb6 21. Rdd1 Nc5 22. Be3 Bxe5 23. Bxc5 Bxb2 24. Qxb2 Qxc5 25. Rd5 Qc7 26. Rde5 Be6 27. c5 Bxb3 28. Rxe7 Qxc5 29. Qxb3 Kg8 30. Rxb7 Rac8 31. Ree7 Qf5 32. Qe3 a6 33. Rb6 Kh7 34. Rxa6 Qb1+ 35. Kh2 Rc1 36. Qe4 Rh1+ 37. Kg3 Qb8+ 38. f4 Kh8 39. Rxg6 Rg8 40. Rxf7 1-0

[Event "Warsaw Cup"]
[Site "Warsaw"]
[Date "1987.??.??"]
[Round "10"]
[White "Sznapik, Krzysztof"]
[Black "Autowicz, Zenon"]
[Result "1-0"]
[WhiteElo "2255"]
[BlackElo "2240"]
[PlyCount "73"]
[EventDate "1987.04.??"]
[EventType "swiss"]
[EventRounds "11"]
[EventCountry "POL"]
[SourceTitle "EXT 2001"]
[Source "ChessBase"]
[SourceDate "2000.11.22"]
[SourceVersion "1"]
[SourceVersionDate "2000.11.22"]
[SourceQuality "1"]

1. b3 e5 2. Bb2 Nc6 3. c4 d6 4. e3 f5 5. d4 e4 6. Nh3 Nf6 7. Nc3 Be7 8. Nd5 0-0 9. Nhf4 Nb8 10. Nxf6+ Bxf6 11. h4 a5 12. h5 Qe8 13. c5 Be6 14. cxd6 cxd6 15. Ba3 Bf7 16. Bxd6 Qc6 17. Bxf8 Qc3+ 18. Ke2 Qb2+ 19. Qd2 Qxa1 20. g4 Be8 21. f3 Bh4 22. fxe4 fxe4 23. a4 Bd7 24. Rxh4 Kxf8 25. Kf2 Qa3 26. Bc4 Qe7 27. Kg3 Nc6 28. Rh2 Qg5 29. Be6 Ke7 30. Bxd7 Kxd7 31. Qc2 Re8 32. Qc4 Nb4 33. d5 Qe5 34. Qb5+ Kc8 35. Qxa5 Qc3 36. Re2 Rf8 37. Qa8+ 1-0

[Event "Warsaw Cup"]
[Site "Warsaw"]
[Date "1987.??.??"]
[Round "1"]
[White "Sznapik, Krzysztof"]
[Black "Sapis, Witalis"]
[Result "1/2-1/2"]
[WhiteElo "2255"]
[BlackElo "2370"]
[PlyCount "86"]
[EventDate "1987.04.??"]
[EventType "swiss"]
[EventRounds "11"]
[EventCountry "POL"]
[SourceTitle "EXT 2001"]
[Source "ChessBase"]
[SourceDate "2000.11.22"]
[SourceVersion "1"]
[SourceVersionDate "2000.11.22"]
[SourceQuality "1"]

1. b3 e5 2. Bb2 Nc6 3. c4 f5 4. e3 Nf6 5. Nc3 Bc5 6. Nf3 e4 7. d4 Be7 8. Ne5 0-0 9. Be2 Kh8 10. Nxc6 bxc6 11. 0-0 d6 12. f3 Qe8 13. Qc2 exf3 14. Bxf3 Ng4 15. Bxg4 fxg4 16. Rxf8+ Bxf8 17. Qe4 Qxe4 18. Nxe4 Bd7 19. Rf1 Kg8 20. Ng3 a5 21. e4 a4 22. b4 a3 23. Bc3 Be6 24. d5 Bf7 25. Kf2 cxd5 26. cxd5 Ra6 27. b5 Rb6 28. Rb1 Be8 29. Rb3 Rxb5 30. Rxa3 Rc5 31. Bd4 Rc2+ 32. Ke3 Rxg2 33. Ra8 Kf7 34. Ra7 Rxh2 35. Rxc7+ Kg8 36. Rc8 Kf7 37. Rc7+ Kg8 38. Rc8 Rg2 39. Ne2 Kf7 40. Rc7+ Kg8 41. Rc8 Kf7 42. Rc7+ Kg8 43. Rc8 Kf7 1/2-1/2

[Event "Rilton Cup-13 1983/84"]
[Site "Stockholm"]
[Date "1984.01.04"]
[Round "9"]
[White "Nykopp, Jan Michael F"]
[Black "Sznapik, Krzysztof"]
[Result "1-0"]
[WhiteElo "2285"]
[BlackElo "2230"]
[PlyCount "51"]
[EventDate "1983.12.27"]
[EventType "swiss"]
[EventRounds "9"]
[EventCountry "SWE"]
[SourceTitle "EXT 2018"]
[Source "ChessBase"]
[SourceDate "2017.10.13"]
[SourceVersion "1"]
[SourceVersionDate "2017.10.13"]
[SourceQuality "1"]

1. e4 g6 2. d4 Bg7 3. Nc3 d6 4. f4 a6 5. Nf3 b5 6. Be3 Bb7 7. Bd3 Nd7 8. e5 c5 9. Be4 Bxe4 10. Nxe4 cxd4 11. Bxd4 dxe5 12. fxe5 Nh6 13. e6 Nf6 14. Neg5 0-0 15. exf7+ Nxf7 16. Ne6 Qa5+ 17. c3 Rfc8 18. Nxg7 Kxg7 19. 0-0 Rc6 20. Qb3 Qc7 21. Rae1 Re8 22. Re6 Rxe6 23. Qxe6 Qc8 24. Re1 Qxe6 25. Rxe6 Nd6 26. Bxf6+ 1-0

[Event "Rilton Cup-13 1983/84"]
[Site "Stockholm"]
[Date "1983.12.29"]
[Round "3"]
[White "Welin, Thomas"]
[Black "Sznapik, Krzysztof"]
[Result "1/2-1/2"]
[WhiteElo "2330"]
[BlackElo "2230"]
[PlyCount "81"]
[EventDate "1983.12.27"]
[EventType "swiss"]
[EventRounds "9"]
[EventCountry "SWE"]
[SourceTitle "EXT 2018"]
[Source "ChessBase"]
[SourceDate "2017.10.13"]
[SourceVersion "1"]
[SourceVersionDate "2017.10.13"]
[SourceQuality "1"]

1. Nf3 g6 2. c4 Bg7 3. d4 d6 4. Nc3 Nf6 5. e4 0-0 6. Be2 e5 7. 0-0 Nc6 8. d5 Ne7 9. b4 a5 10. bxa5 Rxa5 11. Nd2 Ne8 12. Nb3 Ra8 13. c5 f5 14. f3 Bd7 15. a4 dxc5 16. Nxc5 Nf6 17. Qb3 b6 18. Nxd7 Qxd7 19. Be3 Kh8 20. Rfc1 fxe4 21. fxe4 Neg8 22. Nb5 Nxe4 23. Rxc7 Qd8 24. Bxb6 Qh4 25. Qh3 Rxa4 26. Rac1 Qxh3 27. gxh3 Ngf6 28. Rd1 Ng5 29. Rc3 Nfe4 30. Rb3 Ra2 31. h4 Rxe2 32. hxg5 Nxg5 33. d6 Bf6 34. d7 e4 35. Bd4 Nf3+ 36. Rxf3 Bxd4+ 37. Nxd4 exf3 38. Nc6 Kg7 39. d8Q Rxd8 40. Nxd8 g5 41. Ne6+ 1/2-1/2

[Event "Rilton Cup-12 1982/83"]
[Site "Stockholm"]
[Date "1983.01.02"]
[Round "7"]
[White "Sznapik, Krzysztof"]
[Black "Carlson, Mats"]
[Result "0-1"]
[WhiteElo "2230"]
[BlackElo "2290"]
[PlyCount "91"]
[EventDate "1982.12.27"]
[EventType "swiss"]
[EventRounds "9"]
[EventCountry "SWE"]
[SourceTitle "EXT 2006"]
[Source "ChessBase"]
[SourceDate "2005.11.24"]
[SourceVersion "1"]
[SourceVersionDate "2005.11.24"]
[SourceQuality "1"]

1. d4 Nf6 2. Nf3 g6 3. Bf4 Bg7 4. e3 d6 5. Be2 0-0 6. c3 Nc6 7. a4 Nh5 8. Bg5 h6 9. Bh4 g5 10. Nfd2 gxh4 11. Bxh5 e5 12. d5 Ne7 13. Nf3 c6 14. dxc6 Nxc6 15. a5 d5 16. a6 b5 17. e4 dxe4 18. Qxd8 Rxd8 19. Nxh4 Bf6 20. g3 Bxh4 21. gxh4 Bf5 22. Nd2 Kg7 23. Nf1 Kf6 24. Ne3 Ne7 25. Be2 Rab8 26. Ra5 b4 27. c4 Be6 28. Rf1 Ng6 29. f3 exf3 30. Rxf3+ Nf4 31. Ng2 Rd4 32. Nxf4 exf4 33. b3 Re8 34. h3 Bf5 35. Kf1 Re5 36. Ra2 Re3 37. Kf2 Rde4 38. Rd2 Rxf3+ 39. Kxf3 Re3+ 40. Kxf4 Rxh3 41. Rd6+ Be6 42. Bf3 Rxh4+ 43. Kg3 Kg5 44. Rb6 Rh3+ 45. Kg2 Kf4 46. Rxe6 0-1

[Event "Rilton Cup-12 1982/83"]
[Site "Stockholm"]
[Date "1982.12.28"]
[Round "2"]
[White "Sznapik, Krzysztof"]
[Black "Bednarski, Jacek B"]
[Result "1/2-1/2"]
[WhiteElo "2255"]
[BlackElo "2375"]
[PlyCount "51"]
[EventDate "1982.12.27"]
[EventType "swiss"]
[EventRounds "9"]
[EventCountry "SWE"]
[SourceTitle "EXT 2006"]
[Source "ChessBase"]
[SourceDate "2005.11.24"]
[SourceVersion "1"]
[SourceVersionDate "2005.11.24"]
[SourceQuality "1"]

1. d4 Nf6 2. Nf3 e6 3. Bf4 c5 4. e3 Nc6 5. c3 Be7 6. Bd3 Nh5 7. Bg3 Qb6 8. b3 d5 9. Nbd2 Bd7 10. Ne5 Nxg3 11. Nxd7 Qa5 12. hxg3 Kxd7 13. 0-0 Qxc3 14. Nf3 cxd4 15. e4 Bf6 16. exd5 exd5 17. Bb5 Rac8 18. Rc1 Qb4 19. Qd3 g6 20. a3 Qd6 21. Nxd4 Ke7 22. Qe3+ Kf8 23. Nxc6 bxc6 24. Qc5 Qxc5 25. Rxc5 Ke7 26. Bxc6 1/2-1/2

[Event "POL-chT 37th"]
[Site "Lubniewice"]
[Date "1981.10.??"]
[Round "2"]
[White "Dejkalo, Stefan"]
[Black "Sznapik, Krzysztof"]
[Result "1-0"]
[WhiteElo "2280"]
[BlackElo "2255"]
[PlyCount "47"]
[EventDate "1981.10.10"]
[EventType "team-swiss"]
[EventRounds "7"]
[EventCountry "POL"]
[SourceTitle "EXT 2019"]
[Source "ChessBase"]
[SourceDate "2018.10.10"]
[SourceVersion "1"]
[SourceVersionDate "2018.10.10"]
[SourceQuality "1"]
[WhiteTeam "Warszawa Polonia"]
[BlackTeam "Warszawa Hutnik"]
[WhiteTeamCountry "POL"]
[BlackTeamCountry "POL"]

1. d4 g6 2. c4 Bg7 3. Nc3 b6 4. e4 Nc6 5. Be3 e5 6. Nge2 d6 7. d5 Nce7 8. f3 f5 9. Qd2 Nf6 10. 0-0-0 a6 11. Kb1 b5 12. cxb5 axb5 13. a3 Bd7 14. Nc1 Qb8 15. N1a2 0-0 16. Nb4 Rc8 17. Be2 c5 18. dxc6 Nxc6 19. Qxd6 Nd4 20. Qxb8 Raxb8 21. Bd3 h6 22. Ncd5 Nxd5 23. Nxd5 Kf7 24. Rc1 1-0

[Event "POL-chT 37th"]
[Site "Lubniewice"]
[Date "1981.10.??"]
[Round "4"]
[White "Sznapik, Krzysztof"]
[Black "Grabczewski, Romuald"]
[Result "1/2-1/2"]
[WhiteElo "2255"]
[BlackElo "2325"]
[PlyCount "56"]
[EventDate "1981.10.10"]
[EventType "team-swiss"]
[EventRounds "7"]
[EventCountry "POL"]
[SourceTitle "EXT 2019"]
[Source "ChessBase"]
[SourceDate "2018.10.10"]
[SourceVersion "1"]
[SourceVersionDate "2018.10.10"]
[SourceQuality "1"]
[WhiteTeam "Warszawa Hutnik"]
[BlackTeam "Warszawa Maraton"]
[WhiteTeamCountry "POL"]
[BlackTeamCountry "POL"]

1. f4 d5 2. Nf3 g6 3. g3 Bg7 4. Bg2 Nf6 5. 0-0 0-0 6. d3 c5 7. Nc3 d4 8. Na4 Qa5 9. c4 dxc3 10. Nxc3 Nc6 11. Bd2 Qd8 12. Rc1 Rb8 13. h3 b6 14. g4 e6 15. Qe1 Bb7 16. f5 exf5 17. gxf5 Nd4 18. fxg6 fxg6 19. e4 Nxf3+ 20. Rxf3 Nh5 21. Rxf8+ Qxf8 22. Be3 Rd8 23. Rd1 Nf4 24. Qf1 Be5 25. Rd2 Ba6 26. Rf2 g5 27. Nd5 Qd6 28. Bxf4 gxf4 1/2-1/2

[Event "Warsaw Cup"]
[Site "Warsaw"]
[Date "1981.07.01"]
[Round "10"]
[White "Sznapik, Krzysztof"]
[Black "Panczyk, Krzysztof"]
[Result "0-1"]
[WhiteElo "2255"]
[BlackElo "2365"]
[PlyCount "100"]
[EventDate "1981.06.22"]
[EventType "tourn"]
[EventRounds "11"]
[EventCountry "POL"]
[EventCategory "3"]
[SourceTitle "EXT 2000"]
[Source "ChessBase"]
[SourceDate "1999.11.16"]
[SourceVersion "1"]
[SourceVersionDate "1999.11.16"]
[SourceQuality "1"]

1. f4 d5 2. Nf3 Nf6 3. g3 g6 4. Bg2 Bg7 5. 0-0 c5 6. d3 Nc6 7. Nc3 d4 8. Na4 Nd7 9. c4 Qc7 10. e4 a6 11. b3 b5 12. Nb2 Nb6 13. Rb1 Nb4 14. Ra1 bxc4 15. Nxc4 Nxc4 16. bxc4 0-0 17. a3 Nc6 18. Ra2 Rb8 19. f5 Rb1 20. Raf2 Bh6 21. Bxh6 Rxd1 22. Rxd1 Re8 23. Rdf1 f6 24. Bf4 Qa5 25. g4 Qxa3 26. e5 Nb4 27. Bc1 Qxd3 28. fxg6 hxg6 29. Nd2 f5 30. Rf3 Qc2 31. Rg3 f4 32. Ra3 Bxg4 33. Be4 d3 34. Bxg6 Rf8 35. Kf2 Kg7 36. Be4 Rh8 37. Kg1 Be2 38. Re1 Rh5 39. Rb3 Rg5+ 40. Kf2 Rh5 41. e6 Kf8 42. Kg2 Re5 43. Kf2 Rxe6 44. Bf5 Re5 45. Bd7 Bg4 46. Rxe5 Qxc1 47. Bxg4 Qxd2+ 48. Kf1 Qc1+ 49. Re1 d2 50. Rd1 Qxc4+ 0-1

[Event "Warsaw Cup"]
[Site "Warsaw"]
[Date "1981.06.29"]
[Round "8"]
[White "Sznapik, Krzysztof"]
[Black "Dejkalo, Stefan"]
[Result "1-0"]
[WhiteElo "2255"]
[BlackElo "2255"]
[PlyCount "113"]
[EventDate "1981.06.22"]
[EventType "tourn"]
[EventRounds "11"]
[EventCountry "POL"]
[EventCategory "3"]
[SourceTitle "EXT 2000"]
[Source "ChessBase"]
[SourceDate "1999.11.16"]
[SourceVersion "1"]
[SourceVersionDate "1999.11.16"]
[SourceQuality "1"]

1. f4 d5 2. Nf3 Nf6 3. g3 g6 4. Bg2 Bg7 5. 0-0 b6 6. c4 e6 7. Ne5 0-0 8. b3 c5 9. Bb2 Bb7 10. e3 Qe7 11. Qf3 Nc6 12. g4 Rac8 13. g5 Nd7 14. Qg3 Ndxe5 15. fxe5 Nb4 16. Na3 Nd3 17. Bc3 a6 18. Rf6 Rcd8 19. cxd5 exd5 20. Rxb6 Ba8 21. Rf6 Bxf6 22. gxf6 Qc7 23. Qh4 h5 24. Rf1 Kh7 25. Rf5 Rh8 26. Rxh5+ gxh5 27. Qxh5+ Kg8 28. Qg5+ Kf8 29. Qg7+ Ke8 30. Qxh8+ Kd7 31. Qh7 Nb4 32. Qxf7+ Kc8 33. Qxc7+ Kxc7 34. e6 d4 35. Bxa8 dxc3 36. dxc3 Rxa8 37. cxb4 Kd6 38. bxc5+ Kxe6 39. Nc4 Kxf6 40. Kf2 Rh8 41. Kf3 Ke6 42. e4 Rg8 43. Kf4 Rh8 44. Ke3 Rxh2 45. c6 Rxa2 46. Kd4 Rc2 47. e5 Rc1 48. Na5 Ke7 49. Nc4 Ke6 50. Kc5 Rc3 51. Kb4 Rc1 52. Ka5 Rb1 53. Ka4 Rc1 54. Kb4 Rc2 55. Ka5 Rc3 56. c7 Kd7 57. Nb6+ 1-0

[Event "Warsaw Cup"]
[Site "Warsaw"]
[Date "1981.06.27"]
[Round "6"]
[White "Sznapik, Krzysztof"]
[Black "Pribyl, Josef"]
[Result "1-0"]
[WhiteElo "2255"]
[BlackElo "2435"]
[PlyCount "59"]
[EventDate "1981.06.22"]
[EventType "tourn"]
[EventRounds "11"]
[EventCountry "POL"]
[EventCategory "3"]
[SourceTitle "EXT 2000"]
[Source "ChessBase"]
[SourceDate "1999.11.16"]
[SourceVersion "1"]
[SourceVersionDate "1999.11.16"]
[SourceQuality "1"]

1. f4 c5 2. Nf3 g6 3. g3 Bg7 4. Bg2 Nc6 5. 0-0 d5 6. d3 Nf6 7. Nc3 0-0 8. e4 Rb8 9. h3 b5 10. Kh2 dxe4 11. Nxe4 c4 12. Nxf6+ Bxf6 13. Nd2 Na5 14. Ne4 Bg7 15. d4 Qxd4 16. Qe1 Nc6 17. c3 Qd8 18. Be3 Qc7 19. Rd1 Rd8 20. Qf2 Rxd1 21. Rxd1 b4 22. Rd5 bxc3 23. bxc3 f5 24. Ng5 Bxc3 25. Qc2 Bf6 26. Qxc4 e6 27. Rc5 Rb2 28. Rxc6 Rxg2+ 29. Kxg2 Bb7 30. Qxe6+ 1-0

[Event "Warszawa Cup5-B op"]
[Site "Warsaw"]
[Date "1979.??.??"]
[Round "11"]
[White "Mazul, Waldemar"]
[Black "Sznapik, Krzysztof"]
[Result "0-1"]
[WhiteElo "2325"]
[BlackElo "2435"]
[PlyCount "66"]
[EventDate "1979.05.??"]
[EventType "swiss"]
[EventRounds "11"]
[EventCountry "POL"]
[SourceTitle "EXT 2000"]
[Source "ChessBase"]
[SourceDate "1999.11.16"]
[SourceVersion "1"]
[SourceVersionDate "1999.11.16"]
[SourceQuality "1"]

1. e4 g6 2. d4 Bg7 3. Nc3 d6 4. Be2 a6 5. a4 Nc6 6. Nf3 Bg4 7. d5 Bxf3 8. Bxf3 Nd4 9. Bg4 c5 10. Be3 Qb6 11. Qc1 Nf6 12. Bd1 0-0 13. 0-0 Nd7 14. a5 Qd8 15. Ne2 b5 16. axb6 Qxb6 17. Ra2 Rfb8 18. Bd2 Nxe2+ 19. Bxe2 Bxb2 20. Qd1 a5 21. Bg5 Qd8 22. f4 a4 23. e5 f6 24. exf6 exf6 25. Bh6 a3 26. f5 Ne5 27. fxg6 hxg6 28. Bd3 Bd4+ 29. Kh1 f5 30. Bxf5 gxf5 31. Qh5 Qe8 32. Qxf5 Qg6 33. Qh3 Ng4 0-1